000 00295nam a22001217a 4500
040 _cHS
082 _a620
100 _aជួង សុផល
245 _aMaschinen und gerate fur die pflanzenproduktion
260 _aBerlin
_bជួង​ សុផល​
_c1987
300 _a228p;
942 _cEK
999 _c9101
_d9101